000 00832cam a2200241 4500
001 ABS65177
008 020222n2002 000 0 eng u
035 _a(Sirsi) u116816
100 _aHunt, R.
245 _aGolf development and the planning process in the UK - is it worth the gamble?
260 _c2002
490 _aJournal of Leisure Property
_v2(1) January 2002, 52-65(14)
520 _aThe paper aims to outline the current planning regime and the changes afoot and argues for a forward-thinking system to regulate golf-related development.
590 _aABS
650 _aGOLF
650 _aPLANNING PROCESS
650 _aLEISURE INDUSTRY
650 _aGOLF COURSES
650 _aLAND VALUES
650 _aDEVELOPMENT
690 _aENVIRONMENTAL AND LAND CONSULTANCY-PLANNING AND DEVELOPMENT
942 _n0
999 _c69571
_d69571